000
00314nam a22001457a 4500
008
230913b ||||| |||| 00| 0 eng d
020
_a
9027719667
041
_a
eng
080
_a
521
082
_a
521EGG
100
_a
19
101
_a
ASTRO
245
_a
INTERACTING BINARIES
_c
EGGLETON.P.P
942
_2
udc
_c
BK
999
_c
60362
_d
60362